| 000 | 04482nam a22005537a 4500 | ||
|---|---|---|---|
| 005 | 20080808114326.0 | ||
| 008 | 080808t xxu||||| |||| 00| 0 eng d | ||
| 010 | _aB-282946-972 | ||
| 020 |
_a817655247X _c250.00 |
||
| 035 | _aB-282946-972 | ||
| 040 |
_aDPL _bEN |
||
| 082 | _aN | ||
| 100 | _aFunke, Cornelia | ||
| 245 |
_aThe Thief Lord / _cby Cornelia Funke |
||
| 260 |
_bThe Chicken House (Trademark of Scholastic Inc.) _c2007 _aNew York |
||
| 270 |
_a557 Broadway _bNew York |
||
| 270 |
_a550 A, Pace City-II, Sector - 37, (Vender) _bGurgaon _e122004 _k2212432 |
||
| 300 |
_a249p.: _c20 cm (pbk) _bill. |
||
| 942 |
_cCH _hN _2ddc _mFUN |
||
| 999 |
_c13529 _d13529 |
||